000 00490nam a22001817a 4500
999 _c3430
_d3387
008 190530b ||||| |||| 00| j eng d
020 _a9789750816512
041 _atur
050 _aPL248.E56
100 _aEloğlu, Metin
_9221
245 _a İstanbullu
250 _a1.Baskı
260 _aİstanbul:
_bYapı Kredi Yayınları,
_cAğustos 2009
300 _a147 Sayfa
500 _aYapı Kredi Yayınları - 2956 Edebiyat - 883
650 0 _9145
_aTürk Edebiyatı
942 _2lcc
_cBK